00869cam a22002291 4500001000400000003000800004005001700012008004100029035001900070035001800089040003400107041000800141082002100149245008000170260007000250300002000320410014100340410008000481504003100561650002200592700002500614884BD-RjUL20211208233237.0131123s1960 xx 000 0 eng  a(BD-RjUL) #906 a(OCoLC)582664 aDLCcODaWUdDLCdBD-RjULbeng aeng a027.82bNEW 196510aNew definitions of school-library service /cedited by Sara Innis Fenwick,. aChicago :bUniversity of Chicago, Graduate Library School,c1960. a90 p. ;c25 cm.20aChicago (Ill.).bUniversity.bGraduate Library School.bLibrary Conference.tPapers presented before the annual conference.v24th, 1959.20aUniversity of ChicagotThe University of Chicago studies in library science aBibliographical footnotes. 0aSchool libraries.1 aFenwick, Sara Innis,